| 000 | 01413nam1a22002651i 4500 | ||
|---|---|---|---|
| 001 | rc\3400441 | ||
| 005 | 20240726090922.0 | ||
| 021 |
_aRU _bП413-71 |
||
| 035 | _a(NLR Aleph) 007546173 | ||
| 090 |
_a9793590 _c9793590 |
||
| 100 | _a20130115d1970 |||y0rusy50 ca | ||
| 101 | 0 | _arus | |
| 102 | _aRU | ||
| 105 | _a z ||||| | ||
| 200 | 1 |
_aРасчетные и экспериментальные методы определения теплового состояния основных узлов газовых турбин с воздушным охлаждением _f[Авт.-сост.: Е.П. Дыбан, Ф.З. Ратнер, С.М. Чепаскина [и др.]] _gПод ред. д-ра техн. наук, проф. Е.П. Дыбана и канд. техн. наук Ф.З. Ратнера. Т. 1- _gЦентр. науч.-исслед. и проектно-конструкторский котлотурбинный ин-т им. И.И. Ползунова |
|
| 210 |
_aЛенинград _cБ. и. _d1970 |
||
| 215 | _d26 | ||
| 225 | 1 |
_aРуководящие указания _fИн-т техн. теплофизики АН УССР |
|
| 702 | 1 |
_aРатнер _bФ.З. _4220 _4340 |
|
| 702 | 1 |
_aДыбан _bЕ.П. _gЕвгений Павлович _4220 _4340 |
|
| 702 | 1 |
_aЧепаскина _bС.М. _4220 |
|
| 801 | 0 |
_aRU _bNLR _gpsbo |
|
| 801 | 1 |
_aRU _bELAR _2rusmarc |
|
| 852 |
_aNLR _jП11/2394 |
||
| 942 | _cBOOK | ||